00463nam a2200145Ia 4500008004100000245008600041260001700127260000900144300000800153650002300161650001200184856002900196999001900225952007300244170516s9999 xx 000 0 und d aUpconversion Nanoparticles for Photodynamic Therapy and Other Cancer Therapeutics bTheranostics c2013 a3:5 xMedical Technology xMedtech uhttp://www.thno.org/v3i5 c330900d330900 001040aCLbCLd2017-05-16l0r2017-05-16 00:00:00w2017-05-16yFOJ